[Event "13th EICC"]
[Site "Plovdiv BUL"]
[Date "2012.03.24"]
[Round "5.55"]
[White "Goganov, Aleksey"]
[Black "Andriasian, Zaven"]
[Result "1/2-1/2"]
[WhiteTitle "IM"]
[BlackTitle "GM"]
[WhiteElo "2517"]
[BlackElo "2616"]
[WhiteFideId "24109959"]
[BlackFideId "13302000"]
[EventDate "2012.03.20"]
[EventType "swiss"]

1. d4 d5 2. c4 c6 3. Nf3 Nf6 4. Nc3 dxc4 5. a4 Bf5 6. e3 e6 7. Bxc4 Bb4 8. O-O
O-O 9. Qe2 Bg6 10. Ne5 Nbd7 11. Nxg6 hxg6 12. Rd1 Qa5 13. Qc2 Rad8 14. h3 Nb6
15. Bb3 c5 16. dxc5 Qxc5 17. Bd2 g5 18. Be1 Qe5 19. Qe2 Nbd7 20. Qb5 Bc5 21. Qe2
Qb8 22. Nb5 a6 23. Nd4 Ne5 24. Nf3 Nxf3+ 25. Qxf3 Bd6 26. a5 Bh2+ 27. Kf1 Be5
28. Qe2 g6 29. Rxd8 Rxd8 30. Rd1 Kg7 31. Rxd8 Qxd8 32. Bc4 Ne4 33. Qc2 Nd6 34.
Be2 Bf6 35. b3 Nb5 36. Bf3 Qd7 37. g3 Na7 38. Kg2 Nc6 39. Qe4 Qc7 40. Qc4 Qd7
41. Qe4 Qc7 42. Qc2 Qd6 43. Be4 Qd7 44. b4 Ne7 45. Qd3 Nd5 46. Qc4 Be7 47. Qd4+
Bf6 48. Qc4 Be7 49. Bf3 Bf6 50. Qc5 Be7 51. Qd4+ Bf6 52. Qc4 Ne7 53. Qc5 Nc8 54.
e4 Kg8 55. e5 Bd8 56. Bc3 Ne7 57. Qc4 Nd5 58. Bd4 Bc7 59. Bb2 Bd8 60. Bd4 Bc7
61. Bb2 Bd8 62. Bd4 1/2-1/2

[Event "13th EICC"]
[Site "Plovdiv BUL"]
[Date "2012.03.24"]
[Round "5.59"]
[White "Soffer, Ram"]
[Black "Stocek, Jiri"]
[Result "0-1"]
[WhiteTitle "GM"]
[BlackTitle "GM"]
[WhiteElo "2492"]
[BlackElo "2606"]
[WhiteFideId "2800101"]
[BlackFideId "304760"]
[EventDate "2012.03.20"]
[EventType "swiss"]

1. c4 Nf6 2. Nc3 e6 3. e4 Nc6 4. d4 Bb4 5. e5 Ne4 6. Qc2 d5 7. Nf3 f6 8. Bd3
fxe5 9. dxe5 O-O 10. Be3 Bd7 11. cxd5 exd5 12. Bxe4 dxe4 13. Qxe4 Bxc3+ 14. bxc3
Bf5 15. Qc4+ Kh8 16. Rd1 Qe8 17. O-O Be6 18. Qe4 Qh5 19. Bc5 Rxf3 20. Qxf3 Qxf3
21. gxf3 Bxa2 22. f4 Be6 23. f3 Kg8 24. Kf2 Kf7 25. h4 h5 26. Rg1 b6 27. Ba3 g6
28. Rg5 a5 29. Rdg1 Bf5 30. Rxf5+ gxf5 31. Rg5 b5 32. Rxf5+ Ke6 33. Rf6+ Kd5 34.
c4+ bxc4 35. Rf7 Ra7 36. Rd7+ Ke6 37. Rh7 c3 38. Ke3 Kd5 39. Kd3 Rb7 40. Kxc3 a4
41. Rd7+ Ke6 42. Rd3 Rb3+ 43. Kc4 Rxd3 44. Kxd3 Kd5 45. Kc3 Nd4 46. e6 Nxe6 47.
f5 Nf4 48. Be7 Ke5 49. f6 Nd5+ 50. Kb2 Nxf6 51. Ka3 Nd5 52. Bc5 Nb6 53. Bg1 Kd5
54. Kb4 Nc4 55. f4 a3 56. Kb3 Nd2+ 57. Kxa3 Nf3 58. Bf2 Ke4 59. f5 Kxf5 60. Bg3
c6 61. Kb4 Kg4 62. Bc7 Nxh4 63. Kc5 Nf3 64. Kxc6 h4 65. Kd5 Ng5 66. Kc4 Kf3 67.
Kd3 Ne4 68. Bh2 h3 69. Kd4 Kg2 70. Kxe4 Kxh2 0-1

[Event "13th EICC"]
[Site "Plovdiv BUL"]
[Date "2012.03.24"]
[Round "5.61"]
[White "Gabuzyan, Hovhannes"]
[Black "Rakhmanov, Aleksandr"]
[Result "1/2-1/2"]
[WhiteTitle "FM"]
[BlackTitle "GM"]
[WhiteElo "2441"]
[BlackElo "2602"]
[WhiteFideId "13303732"]
[BlackFideId "4173708"]
[EventDate "2012.03.20"]
[EventType "swiss"]

1. g3 Nf6 2. Bg2 e6 3. Nf3 d5 4. O-O Be7 5. c4 c5 6. cxd5 exd5 7. d4 cxd4 8.
Nxd4 O-O 9. Nc3 Nc6 10. Bf4 Bg4 11. h3 Be6 12. Nxe6 fxe6 13. e4 d4 14. e5 dxc3
15. exf6 Bxf6 16. bxc3 Bxc3 17. Rb1 Qxd1 18. Rfxd1 Rad8 19. Be3 Bd4 20. Bxd4
Nxd4 21. Bxb7 Ne2+ 22. Kg2 Nc3 23. Rxd8 Rxd8 24. Rb3 Nxa2 25. Ba6 Rd4 26. Bc8
Kf7 27. Rb7+ Kf6 28. Rxa7 Nb4 29. Bd7 Nd5 30. h4 h6 31. Be8 Ne7 32. Ra3 Nf5 33.
Bh5 Nd6 34. Ra7 Rd5 35. Bf3 Rd2 36. Ra4 Nf5 37. Kf1 Rd4 38. Ra8 Nd6 39. Bh5 Rd5
40. Bf3 Rd4 41. Bh5 1/2-1/2

[Event "13th EICC"]
[Site "Plovdiv BUL"]
[Date "2012.03.24"]
[Round "5.62"]
[White "Vajda, Levente"]
[Black "Mastrovasilis, Athanasios"]
[Result "1/2-1/2"]
[WhiteTitle "GM"]
[BlackTitle "GM"]
[WhiteElo "2597"]
[BlackElo "2510"]
[WhiteFideId "1203975"]
[BlackFideId "4201990"]
[EventDate "2012.03.20"]
[EventType "swiss"]

1. e4 e5 2. Nf3 Nf6 3. d4 Nxe4 4. Bd3 d5 5. dxe5 Be7 6. c3 Nc6 7. O-O Bg4 8. Re1
Bxf3 9. gxf3 Nc5 10. Bf5 g6 11. Bh3 Ne6 12. f4 Bc5 13. Be3 Bb6 14. Nd2 Qh4 15.
Qg4 Qxg4+ 16. Bxg4 h5 17. Bh3 d4 18. cxd4 Ncxd4 19. Bxe6 Nxe6 20. Ne4 O-O-O 21.
a4 Rd3 22. b4 Rhd8 23. Rac1 Kb8 24. a5 Bxe3 25. fxe3 Rb3 26. Rc4 b5 27. axb6
axb6 28. Kf2 b5 29. Rc3 Rxb4 30. Kf3 Rb2 31. Ra1 b4 32. Rc4 Rd5 33. h4 Rb3 34.
Kf2 Rdd3 35. Ra4 Rb2+ 36. Kf3 Rdb3 37. Ra5 Rh2 38. Rb5+ Kc8 39. Rcxb4 Rh3+ 40.
Kf2 Rxb4 41. Rxb4 Rxh4 42. f5 gxf5 43. Nd6+ cxd6 44. Rxh4 dxe5 45. Rxh5 f4 46.
Rf5 fxe3+ 47. Kxe3 Kd7 48. Ke4 Ke7 49. Rxe5 Kf6 50. Rf5+ Kg6 51. Ke5 Ng5 52. Rf1
Ne6 53. Rf2 Ng5 54. Rf6+ Kg7 55. Rd6 Ne6 56. Kf5 Nf8 57. Rd1 Ng6 58. Rg1 Kf8 59.
Kf6 Ne7 60. Ke5 Ng6+ 61. Kd6 Kg7 62. Kd7 Kf8 63. Rg5 Nf4 1/2-1/2

[Event "13th EICC"]
[Site "Plovdiv BUL"]
[Date "2012.03.24"]
[Round "5.63"]
[White "Klein, David"]
[Black "Sedlak, Nikola"]
[Result "1/2-1/2"]
[WhiteTitle "FM"]
[BlackTitle "GM"]
[WhiteElo "2418"]
[BlackElo "2593"]
[WhiteFideId "1003623"]
[BlackFideId "922900"]
[EventDate "2012.03.20"]
[EventType "swiss"]

1. e4 c5 2. Nf3 d6 3. d4 cxd4 4. Nxd4 Nf6 5. Nc3 Bd7 6. Bg5 e6 7. Ndb5 Bxb5 8.
Bxb5+ Nc6 9. Qf3 h6 10. Be3 a6 11. Bd3 Rc8 12. O-O Be7 13. Qg3 g5 14. Rad1 Ne5
15. f3 Nh5 16. Qf2 Nf4 17. Kh1 Bf6 18. Qd2 Nfg6 19. Ne2 Qc7 20. Ng3 Nf4 21. Bxf4
gxf4 22. Nh5 Bg5 23. g3 fxg3 24. f4 Nxd3 25. cxd3 Be7 26. Rc1 g2+ 27. Kxg2 Rg8+
28. Kf3 Qd8 29. Rxc8 Qxc8 30. Rc1 Qd8 31. Qc3 Kd7 32. Qb4 Qa8 33. Qd4 Rc8 34.
Nf6+ Bxf6 35. Rxc8 Qxc8 36. Qxf6 Qg8 37. Qxh6 Qg1 38. Qf8 Qf1+ 39. Ke3 Qc1+ 40.
Kf3 Qd1+ 41. Ke3 1/2-1/2

[Event "13th EICC"]
[Site "Plovdiv BUL"]
[Date "2012.03.24"]
[Round "5.64"]
[White "Shimanov, Aleksandr"]
[Black "Drenchev, Petar"]
[Result "1-0"]
[WhiteTitle "GM"]
[BlackTitle "GM"]
[WhiteElo "2591"]
[BlackElo "2499"]
[WhiteFideId "4198603"]
[BlackFideId "2903261"]
[EventDate "2012.03.20"]
[EventType "swiss"]

1. d4 d5 2. c4 e6 3. Nc3 Nf6 4. cxd5 exd5 5. Bg5 c6 6. e3 Be7 7. Bd3 Nbd7 8.
Nge2 Nh5 9. Bxe7 Qxe7 10. O-O g6 11. Rb1 a5 12. Qd2 O-O 13. f3 Nb6 14. e4 Be6
15. Rbe1 Rfd8 16. g4 dxe4 17. Nxe4 Nf6 18. Qg5 Nfd5 19. Qh6 Qf8 20. Qh4 Qg7 21.
a3 Nd7 22. Kh1 b6 23. Ng5 Nf8 24. f4 Ne3 25. Nxe6 Nxe6 26. Rf3 Nd5 27. f5 g5 28.
Qf2 Nef4 29. Bc4 Re8 30. Nxf4 Nxf4 31. Rfe3 Rxe3 32. Qxe3 Qf6 33. Qe7 Kg7 34.
Bxf7 Qxe7 35. Rxe7 Rd8 36. Bb3+ Kf8 37. Rc7 Rxd4 38. f6 1-0

[Event "13th EICC"]
[Site "Plovdiv BUL"]
[Date "2012.03.24"]
[Round "5.65"]
[White "Zhigalko, Andrey"]
[Black "Fedorovsky, Michael"]
[Result "1/2-1/2"]
[WhiteTitle "GM"]
[BlackTitle "IM"]
[WhiteElo "2590"]
[BlackElo "2395"]
[WhiteFideId "13502247"]
[BlackFideId "14105454"]
[EventDate "2012.03.20"]
[EventType "swiss"]

1. c4 e6 2. Nc3 d5 3. d4 Nf6 4. cxd5 exd5 5. Bg5 Be7 6. e3 Nbd7 7. Bd3 c6 8.
Nge2 O-O 9. Qc2 Re8 10. O-O Nf8 11. f3 Be6 12. Rae1 Rc8 13. Qd2 a6 14. a3 N6d7
15. Bxe7 Qxe7 16. Ng3 Qd6 17. Kh1 Rcd8 18. b4 b5 19. e4 dxe4 20. Ngxe4 Qc7 21.
Nc5 Nxc5 22. dxc5 Rxd3 23. Qxd3 Bc4 24. Qc2 Bxf1 25. Rxf1 Re3 26. Qc1 Qe5 27.
Ne4 Rd3 28. h3 Qd4 29. Re1 Ne6 30. Ng5 Nf8 31. Ne4 Ne6 32. Ng5 Nf8 33. Ne4 Ne6 1/2-1/2

[Event "13th EICC"]
[Site "Plovdiv BUL"]
[Date "2012.03.24"]
[Round "5.66"]
[White "Halkias, Stelios"]
[Black "Arsovic, Zoran"]
[Result "1/2-1/2"]
[WhiteTitle "GM"]
[BlackTitle "IM"]
[WhiteElo "2588"]
[BlackElo "2435"]
[WhiteFideId "4201809"]
[BlackFideId "901679"]
[EventDate "2012.03.20"]
[EventType "swiss"]

1. d4 Nf6 2. Nf3 e6 3. g3 c5 4. Bg2 Qa5+ 5. Nbd2 cxd4 6. O-O Be7 7. Nb3 Qc7 8.
Nbxd4 a6 9. Re1 d6 10. e4 Nbd7 11. b3 O-O 12. Bb2 Rb8 13. c4 b6 14. Rc1 Bb7 15.
Nd2 Rfe8 16. h3 Bf8 17. Nc2 Rbd8 18. Ne3 Qb8 19. Qc2 Qa8 20. Rcd1 Rc8 21. Qb1
Qb8 22. Ng4 Be7 23. Nf1 Red8 24. Nge3 b5 25. Qa1 Qa8 26. Bd4 Ne8 27. Bc3 h5 28.
Nh2 Nef6 29. g4 Nc5 30. f3 Qb8 31. Nhf1 Ba8 32. Ng3 hxg4 33. hxg4 bxc4 34. bxc4
Na4 35. Bd4 e5 36. Nef5 Kf8 37. Be3 Rxc4 38. Bg5 d5 39. exd5 Rxd5 40. Rxd5 Nxd5 1/2-1/2

[Event "13th EICC"]
[Site "Plovdiv BUL"]
[Date "2012.03.24"]
[Round "5.67"]
[White "Popilski, Gil"]
[Black "Brkic, Ante"]
[Result "1/2-1/2"]
[WhiteTitle "IM"]
[BlackTitle "GM"]
[WhiteElo "2389"]
[BlackElo "2587"]
[WhiteFideId "2809060"]
[BlackFideId "14506688"]
[EventDate "2012.03.20"]
[EventType "swiss"]

1. e4 c5 2. Nf3 Nc6 3. d4 cxd4 4. Nxd4 g6 5. c4 Nf6 6. Nc3 d6 7. Be2 Nxd4 8.
Qxd4 Bg7 9. Bg5 O-O 10. Qe3 Be6 11. O-O Qb6 12. Qxb6 axb6 13. Rac1 Rfc8 14. b3
Kf8 15. Be3 Nd7 16. f4 Bxc3 17. Rxc3 Rxa2 18. Bf3 f6 19. Bd4 Nc5 20. Re3 Rd2 21.
Bc3 Rc2 22. Bd4 b5 23. e5 dxe5 24. fxe5 f5 25. b4 Nd7 26. c5 Rc4 27. Rd1 Nb8 28.
Bxb7 Rc7 29. Bf3 Na6 30. c6 Nxb4 31. Bb6 R7xc6 32. Bxc6 Nxc6 33. Ree1 b4 34. Rc1
Rxc1 35. Rxc1 b3 36. Bf2 Nxe5 37. Re1 Bc4 38. Rxe5 b2 39. Re1 Bd3 40. Bh4 Be4
41. Bg5 Kf7 42. g3 e5 43. Bh6 b1=Q 44. Rxb1 Bxb1 45. Kf2 Bc2 46. Ke3 Be4 47. h4
Ke6 48. Kf2 Kd5 49. Ke3 Bg2 50. Bg5 Kc4 51. Bf6 e4 52. Bg5 Kc3 53. Bh6 Bf3 54.
Bg5 Kc2 55. Bf4 Kd1 56. Kf2 Bg4 57. Bh6 Kc2 58. Ke3 1/2-1/2

[Event "13th EICC"]
[Site "Plovdiv BUL"]
[Date "2012.03.24"]
[Round "5.68"]
[White "Petenyi, Tamas"]
[Black "Damljanovic, Branko"]
[Result "0-1"]
[WhiteTitle "FM"]
[BlackTitle "GM"]
[WhiteElo "2359"]
[BlackElo "2582"]
[WhiteFideId "14909090"]
[BlackFideId "900125"]
[EventDate "2012.03.20"]
[EventType "swiss"]

1. e4 c5 2. Nf3 d6 3. d4 cxd4 4. Nxd4 Nf6 5. Nc3 a6 6. Be3 e5 7. Nb3 Be6 8. f3
h5 9. Qd2 Nbd7 10. Nd5 Nxd5 11. exd5 Bf5 12. Bd3 Bxd3 13. Qxd3 Rc8 14. O-O h4
15. h3 Be7 16. c4 O-O 17. Rad1 b6 18. Nd2 f5 19. b4 Rf7 20. Nb3 a5 21. bxa5 bxa5
22. c5 a4 23. cxd6 Bxd6 24. Qa6 axb3 25. Qxd6 bxa2 26. Ra1 f4 27. Bf2 Qa5 28.
Bxh4 Rc2 29. Rf2 Rxf2 30. Bxf2 Qb5 31. Qa3 Qb1+ 32. Qc1 Qxc1+ 33. Rxc1 Rf8 34.
Ra1 Ra8 35. Kf1 Nf6 36. d6 Kf7 37. Ke2 Nd5 38. Kd2 Ke6 39. Kc2 Ne3+ 40. Kb3 Nxg2
41. Bc5 Ne1 42. Ba3 Rxa3+ 0-1

[Event "13th EICC"]
[Site "Plovdiv BUL"]
[Date "2012.03.24"]
[Round "5.70"]
[White "Lomsadze, Davit"]
[Black "Ernst, Sipke"]
[Result "1-0"]
[BlackTitle "GM"]
[WhiteElo "2338"]
[BlackElo "2578"]
[WhiteFideId "13603450"]
[BlackFideId "1004689"]
[EventDate "2012.03.20"]
[EventType "swiss"]

1. d4 d5 2. Nf3 c6 3. g3 Bf5 4. Bg2 e6 5. O-O Nd7 6. Nbd2 Ngf6 7. Nh4 Bg4 8. Re1
Bd6 9. c4 O-O 10. Qb3 Qc7 11. h3 Bh5 12. e4 dxe4 13. Nxe4 Nxe4 14. Bxe4 Rfe8 15.
Bg2 Rad8 16. Bg5 Be7 17. Bxe7 Rxe7 18. d5 Ree8 19. Qe3 cxd5 20. cxd5 Qa5 21. b4
Qxb4 22. Rab1 Qa5 23. Rxb7 Nb6 24. Kh2 Nxd5 25. Rxa7 Qb4 26. Qe5 Qb6 27. Nf5 Nf6
28. Qe3 Qb4 29. Nh4 Nd5 30. Qe5 Qb6 31. Nf5 Nf6 32. Qe3 Qb4 33. Nh4 Qb2 34. a4
Nd5 35. Qe5 Qxf2 36. Rb7 Nf6 37. Rb2 Qd4 38. a5 Bg6 39. Qxd4 Rxd4 40. Nxg6 hxg6
41. Ra1 Rdd8 1-0

[Event "13th EICC"]
[Site "Plovdiv BUL"]
[Date "2012.03.24"]
[Round "5.73"]
[White "Baron, Tal"]
[Black "Efimenko, Zahar"]
[Result "0-1"]
[WhiteTitle "GM"]
[BlackTitle "GM"]
[WhiteElo "2497"]
[BlackElo "2695"]
[WhiteFideId "2809958"]
[BlackFideId "14107201"]
[EventDate "2012.03.20"]
[EventType "swiss"]

1. e4 e5 2. Nf3 Nc6 3. Bb5 a6 4. Ba4 Nf6 5. O-O Be7 6. Re1 b5 7. Bb3 d6 8. c3
O-O 9. h3 Na5 10. Bc2 c5 11. d4 Nd7 12. Nbd2 exd4 13. cxd4 Re8 14. Nf1 Bb7 15.
d5 Nc4 16. b3 Bf6 17. Rb1 Nce5 18. N3h2 c4 19. f4 Nd3 20. Bxd3 cxd3 21. Nf3 Nc5
22. Ng3 Bc3 23. Bd2 b4 24. Rc1 Qf6 25. Kh2 Rac8 26. e5 dxe5 27. fxe5 Qb6 28.
Bxc3 bxc3 29. Rxc3 Bxd5 30. Nd2 Qb5 31. Qc1 Be6 32. Nc4 h6 33. Ne4 Nxe4 34. Rxe4
Bf5 35. Rf4 Bg6 36. Qd2 Qc5 37. Rc1 Rxe5 38. Nxe5 Qxc1 39. Qxc1 Rxc1 40. Rd4 Bf5
41. g4 Be6 42. Nxd3 Rc2+ 43. Kg3 Rxa2 44. Nc5 a5 45. Rd8+ Kh7 46. Rd6 Ra3 47.
Kf4 g5+ 48. Ke4 Bxb3 49. Rd3 a4 50. Kd4 Kg6 51. Ke3 h5 52. Rd6+ Be6+ 0-1

[Event "13th EICC"]
[Site "Plovdiv BUL"]
[Date "2012.03.24"]
[Round "5.75"]
[White "Vuckovic, Bojan"]
[Black "Kabanov, Nikolai"]
[Result "1-0"]
[WhiteTitle "GM"]
[BlackTitle "GM"]
[WhiteElo "2628"]
[BlackElo "2502"]
[WhiteFideId "922277"]
[BlackFideId "4127820"]
[EventDate "2012.03.20"]
[EventType "swiss"]

1. e4 e5 2. Nf3 Nc6 3. Bb5 Nf6 4. O-O Nxe4 5. d4 Nd6 6. Bxc6 dxc6 7. dxe5 Nf5 8.
Qxd8+ Kxd8 9. Rd1+ Ke8 10. Nc3 Ne7 11. h3 Ng6 12. Bg5 Be7 13. Bxe7 Nxe7 14. Nd4
h5 15. Ncb5 cxb5 16. Nxb5 Bd7 17. Nxc7+ Kd8 18. Nxa8 Kc8 19. Rd6 Be6 20. Rad1
Nc6 21. f4 Kb8 22. b4 Kxa8 23. b5 Nb8 24. Rd8 Rxd8 25. Rxd8 b6 26. Rf8 g6 27. g4
hxg4 28. hxg4 Kb7 29. f5 gxf5 30. gxf5 Bc4 31. a4 Nd7 32. Re8 Bd5 33. e6 fxe6
34. fxe6 Nc5 35. e7 Bf7 36. Rf8 Bg6 37. Rg8 Bf7 38. Rf8 Bg6 39. e8=Q Bxe8 40.
Rxe8 Nxa4 41. Re7+ Kb8 42. Kf2 a6 43. bxa6 Nc5 44. a7+ Ka8 45. Ke3 Nb7 46. Kd4
Kxa7 47. Kd5 Ka6 48. c4 Na5 49. Re3 Kb7 50. Rh3 Kc7 51. Rh7+ Kc8 52. Rh3 Kc7 53.
Rg3 Kb7 54. Ra3 Nc6 55. Rh3 Na5 56. Ra3 Nc6 57. Kd6 Na5 58. Ra4 Nb3 59. Ra2 Nc5
60. Re2 Nb3 61. Re7+ Ka6 62. Kd5 Na5 63. Rh7 Nb3 64. Rh3 Nc5 65. Kc6 Ka5 66. Rh5 1-0

[Event "13th EICC"]
[Site "Plovdiv BUL"]
[Date "2012.03.24"]
[Round "5.77"]
[White "Howell, David W L"]
[Black "Paichadze, Luka"]
[Result "1/2-1/2"]
[WhiteTitle "GM"]
[BlackTitle "IM"]
[WhiteElo "2614"]
[BlackElo "2491"]
[WhiteFideId "410608"]
[BlackFideId "13602934"]
[EventDate "2012.03.20"]
[EventType "swiss"]

1. Nf3 Nf6 2. c4 e6 3. g3 d5 4. Bg2 Be7 5. O-O O-O 6. b3 c5 7. Bb2 Nc6 8. e3
dxc4 9. bxc4 Qc7 10. Nc3 a6 11. Rc1 Na5 12. Qe2 Bd7 13. e4 Rfd8 14. e5 Ne8 15.
Ne4 b5 16. d3 Bc6 17. Bc3 Rd7 18. Rfd1 Rad8 19. Rd2 b4 20. Bb2 Nb7 21. h4 a5 22.
d4 h6 23. Rcd1 Ba4 24. Rc1 cxd4 25. Nxd4 Nc5 26. Nb5 Rxd2 27. Nxd2 Qb6 28. Bd4
Bxb5 29. Bxc5 Qxc5 30. Nb3 Bxc4 31. Rxc4 Qa7 32. Qg4 a4 33. Nd4 b3 34. axb3 h5
35. Qf4 axb3 36. Nxb3 Qa2 37. Nc1 Qd2 38. Qxd2 Rxd2 39. Rc8 Rd8 40. Rxd8 Bxd8
41. Nd3 1/2-1/2

[Event "13th EICC"]
[Site "Plovdiv BUL"]
[Date "2012.03.24"]
[Round "5.78"]
[White "Markowski, Tomasz"]
[Black "Grigorov, Grigor"]
[Result "1/2-1/2"]
[WhiteTitle "GM"]
[BlackTitle "GM"]
[WhiteElo "2612"]
[BlackElo "2489"]
[WhiteFideId "1105680"]
[BlackFideId "2907313"]
[EventDate "2012.03.20"]
[EventType "swiss"]

1. d4 Nf6 2. c4 e6 3. g3 c5 4. d5 exd5 5. cxd5 d6 6. Nc3 g6 7. Bg2 Bg7 8. Nf3
O-O 9. O-O a6 10. a4 Nbd7 11. a5 b5 12. axb6 Nxb6 13. e4 Re8 14. Qc2 Ng4 15. Bg5
Qd7 16. Bf4 Nc4 17. b3 Nce5 18. Nd2 h6 19. Rae1 Rb8 20. h3 g5 21. Bxe5 Nxe5 22.
f4 gxf4 23. gxf4 Ng6 24. Nc4 Qd8 25. Ne2 a5 26. Kh2 Rb4 27. e5 dxe5 28. f5 Nf4
29. Nxf4 exf4 30. d6 Rxe1 31. Rxe1 Bd7 32. Bd5 Qh4 33. Rg1 Kf8 34. Qe2 Bxf5 35.
Qe7+ Qxe7 36. dxe7+ Kxe7 37. Rxg7 Bg6 38. Rg8 Rxb3 39. Nxa5 Rb2+ 40. Kg1 Kf6 41.
Nc4 Rb3 42. Bg2 Rc3 43. Nd2 Rc1+ 44. Kf2 c4 45. Ne4+ Ke7 46. Kf3 c3 47. Nxc3
Rxc3+ 48. Kxf4 Kf6 49. h4 Rc4+ 50. Kg3 Rd4 51. Bf3 Bf5 52. Rb8 Be6 53. Rb5 Kg7
54. Re5 Bb3 55. Rb5 Bd1 56. Rd5 Rxd5 1/2-1/2

[Event "13th EICC"]
[Site "Plovdiv BUL"]
[Date "2012.03.24"]
[Round "5.79"]
[White "Smeets, Jan"]
[Black "Kovalev, Vladislav"]
[Result "1-0"]
[WhiteTitle "GM"]
[BlackTitle "IM"]
[WhiteElo "2610"]
[BlackElo "2477"]
[WhiteFideId "1007246"]
[BlackFideId "13504398"]
[EventDate "2012.03.20"]
[EventType "swiss"]

1. e4 c5 2. Nf3 Nc6 3. d4 cxd4 4. Nxd4 Nf6 5. Nc3 e5 6. Ndb5 d6 7. Bg5 a6 8. Na3
b5 9. Bxf6 gxf6 10. Nd5 Bg7 11. Bd3 O-O 12. O-O Ne7 13. Nxe7+ Qxe7 14. c4 f5 15.
Qf3 d5 16. cxd5 fxe4 17. Bxe4 Ra7 18. Rac1 Rc7 19. Rxc7 Qxc7 20. g4 h5 21. h3
Qe7 22. Nc2 hxg4 23. hxg4 f5 24. gxf5 Bxf5 25. Bxf5 Qg5+ 26. Qg2 Qxf5 27. Ne3
Qh5 28. Rc1 Kh8 29. Qg4 Qxg4+ 30. Nxg4 Rd8 31. Ne3 e4 32. b3 Bd4 33. Rd1 Bc5 34.
Kf1 Kg7 35. Ke2 Kf6 36. Rh1 Bxe3 37. Kxe3 Rxd5 38. Kxe4 Rd2 39. Rh6+ Ke7 40.
Rxa6 Rxf2 41. Kd5 Rc2 42. Ra7+ Kd8 43. Kd6 Kc8 44. Ra5 Kb7 45. Rxb5+ Ka6 46. a4
Rc3 47. Kd5 Rh3 48. Kc4 Rh4+ 49. Kc3 Rh3+ 50. Kb2 Rh1 51. Rd5 Rh4 52. Rd7 Ka5
53. Rd5+ Ka6 54. Kc3 Rh3+ 55. Kc4 Rh4+ 56. Rd4 Rh6 57. b4 Rh7 58. Kb3 Rh6 59. a5
Rh5 60. Ka4 Rg5 61. b5+ Ka7 62. Rd7+ Ka8 63. b6 Kb8 64. a6 Rg4+ 65. Kb5 Rg5+ 66.
Kc6 Rg6+ 67. Rd6 Rg8 68. Re6 Rd8 69. Rd6 Rg8 70. Kd5 Rh8 71. Re6 Ka8 72. Kc6 Kb8
73. Kd7 1-0

[Event "13th EICC"]
[Site "Plovdiv BUL"]
[Date "2012.03.24"]
[Round "5.80"]
[White "Nigalidze, Gaioz"]
[Black "Edouard, Romain"]
[Result "0-1"]
[WhiteTitle "IM"]
[BlackTitle "GM"]
[WhiteElo "2472"]
[BlackElo "2607"]
[WhiteFideId "13603078"]
[BlackFideId "633429"]
[EventDate "2012.03.20"]
[EventType "swiss"]

1. d4 e6 2. Nf3 c5 3. c4 cxd4 4. Nxd4 Nf6 5. Nc3 Nc6 6. e3 Bb4 7. Bd2 O-O 8. Be2
d5 9. cxd5 exd5 10. O-O Bd6 11. Ncb5 Bb8 12. Nf3 a6 13. Nbd4 Ne4 14. Bc3 Bg4 15.
Nd2 Qd6 16. g3 Nxc3 17. bxc3 Bh3 18. Re1 Bc7 19. N2f3 h6 20. Qb3 Na5 21. Qb4
Qxb4 22. cxb4 Nc4 23. Rec1 Bd6 24. a3 Rfc8 25. Rcb1 b6 26. Ne1 a5 27. Nd3 axb4
28. axb4 Nd2 29. Rd1 Ne4 30. Bf1 Bd7 31. Rdc1 Rd8 32. Be2 Kf8 33. Bd1 Nd2 34.
Kg2 g5 35. g4 f6 36. h3 Ke7 37. Bc2 Rdc8 38. Rxa8 Rxa8 39. Rd1 Nc4 40. Bb3 Ra3
41. Bc2 Rc3 42. Kf3 Be5 43. Ne1 Na3 44. Bg6 Bxd4 45. Rxd4 Rc1 46. Ke2 Bb5+ 47.
Kd2 Ra1 48. Nc2 Nxc2 49. Bxc2 Rf1 50. f4 Rf2+ 51. Kc3 Rf3 52. fxg5 hxg5 53. Kd2
Bc6 54. Bb3 Ke6 55. b5 Bb7 56. Ra4 Rxh3 57. Ra7 Rh7 58. Bc2 Rc7 59. e4 dxe4 60.
Bxe4 Rd7+ 61. Bd3 Bc6 62. Rxd7 Bxd7 63. Bf5+ Kd6 64. Bxd7 Kxd7 65. Kd3 Kd6 66.
Kd4 Ke6 67. Ke4 f5+ 68. gxf5+ Kf6 0-1

[Event "13th EICC"]
[Site "Plovdiv BUL"]
[Date "2012.03.24"]
[Round "5.83"]
[White "Aleksandrov, Aleksej"]
[Black "Pancevski, Filip"]
[Result "1-0"]
[WhiteTitle "GM"]
[BlackTitle "IM"]
[WhiteElo "2604"]
[BlackElo "2470"]
[WhiteFideId "13500139"]
[BlackFideId "15002187"]
[EventDate "2012.03.20"]
[EventType "swiss"]

1. d4 Nf6 2. c4 d6 3. Nc3 Nbd7 4. Nf3 e5 5. Bg5 g6 6. dxe5 dxe5 7. Nxe5 h6 8.
Bh4 g5 9. Bg3 Bg7 10. e3 O-O 11. h4 c6 12. hxg5 hxg5 13. Qc2 Nxe5 14. Bxe5 Re8
15. Bg3 Bg4 16. Bd3 Bh5 17. Bh7+ Kh8 1-0

[Event "13th EICC"]
[Site "Plovdiv BUL"]
[Date "2012.03.24"]
[Round "5.86"]
[White "Georgiadis, Ioannis"]
[Black "Sulskis, Sarunas"]
[Result "1/2-1/2"]
[WhiteTitle "IM"]
[BlackTitle "GM"]
[WhiteElo "2435"]
[BlackElo "2596"]
[WhiteFideId "4208900"]
[BlackFideId "12800112"]
[EventDate "2012.03.20"]
[EventType "swiss"]

1. e4 e5 2. Nf3 Nc6 3. Bb5 a6 4. Ba4 Nf6 5. O-O Nxe4 6. d4 exd4 7. Re1 d5 8.
Nxd4 Bd6 9. Nxc6 Bxh2+ 10. Kxh2 Qh4+ 11. Kg1 Qxf2+ 12. Kh2 Qh4+ 13. Kg1 Qf2+ 14.
Kh2 Qg3+ 15. Kg1 Qf2+ 16. Kh2 Qg3+ 17. Kg1 Qf2+ 18. Kh2 Qh4+ 19. Kg1 Qf2+ 20.
Kh2 Qg3+ 21. Kg1 1/2-1/2

[Event "13th EICC"]
[Site "Plovdiv BUL"]
[Date "2012.03.24"]
[Round "5.89"]
[White "Poetsch, Hagen"]
[Black "Papin, Vasily"]
[Result "0-1"]
[WhiteTitle "IM"]
[BlackTitle "GM"]
[WhiteElo "2432"]
[BlackElo "2575"]
[WhiteFideId "24615137"]
[BlackFideId "4143183"]
[EventDate "2012.03.20"]
[EventType "swiss"]

1. e4 c5 2. Nf3 e6 3. d4 cxd4 4. Nxd4 a6 5. c4 Nf6 6. Nc3 Qc7 7. Bd3 Bc5 8. Nb3
Be7 9. O-O d6 10. Be3 Nbd7 11. Be2 b6 12. f3 Bb7 13. Qd2 O-O 14. a4 Nc5 15. Nxc5
bxc5 16. a5 Nd7 17. Bf4 Rfd8 18. Rfd1 Ne5 19. Na4 Rab8 20. Qe3 Ng6 21. Bg3 Qxa5
22. b4 cxb4 23. Nb6 Qg5 24. f4 Qf6 25. c5 e5 26. Qc1 exf4 27. Bf2 dxc5 28. Rxd8+
Rxd8 29. Bxc5 Qg5 30. Nd5 Bxd5 31. exd5 Rc8 0-1